00289pam a2200109a 44500008004100000020002700041082001600068100001500084245004000099260003000139300001000169230405s2008 xxu||||| |||| 00| 0 eng d a8123913753cRs. 192.50 a610.73bDEV aDevi,E.S.  aManipal Manual of Nursing Education aNew DelhibCBS Pub.c2008 a415 p